书目信息 |
| 题名: |
社会主义精神文明建设概论
|
|
| 作者: | ;中央文明办 组织编写 | |
| 分册: | ||
| 出版信息: | 北京 学习出版社 2000 |
|
| 页数: | 399页 | |
| 开本: | 19cm | |
| 丛书名: | ||
| 单 册: | ||
| 中图分类: | D648.3 | |
| 科图分类: | ||
| 主题词: | 社会公德教育--中国 | |
| 电子资源: | ||
| ISBN: | 7-80116-242-0 | |
| 000 | 00685nam0 2200217 45 | |
| 001 | 0188016218 | |
| 005 | 20070726091602.96 | |
| 010 | @a7-80116-242-0@dCNY22.00 | |
| 100 | @a19910417d2000 m y0chiy0120 ea | |
| 101 | 0 | @achi |
| 102 | @aCN@b510000 | |
| 102 | @aCN | |
| 105 | @ay z 000yy | |
| 200 | 10 | @a社会主义精神文明建设概论@Ashe hui zhu yi jing shen wen ming jian she gai lun@f中央文明办组织编写@Fzhong yang wen ming ban zu zhi bian xie |
| 210 | @a北京@c学习出版社@d2000 | |
| 215 | @a399页@d19cm | |
| 606 | 0 | @a社会公德教育@x中国 |
| 690 | @aD648.3@v3 | |
| 711 | 02 | @a中央文明办@Azhong yang wen ming ban@4组织编写 |
| 801 | 0 | @aCN@bNLC@c20070726 |
| 905 | @f1@b253107@dD648.3@e147 | |
| 社会主义精神文明建设概论/中央文明办组织编写.-北京:学习出版社,2000 |
| 399页;19cm |
| ISBN 7-80116-242-0:CNY22.00 |
| ● |
| 相关链接 |
|
|
|
|
正题名:社会主义精神文明建设概论
索取号:D648.3/147
 
预约/预借
| 序号 | 登录号 | 条形码 | 馆藏地/架位号 | 状态 | 备注 |
| 1 | 0766585 | 207665855 | 第一样本阅览室/ [索取号:D648.3/147] | 在馆 |